| 000 | 00710na a2200265 4500 | ||
|---|---|---|---|
| 001 | 23033 | ||
| 003 | MIRAKIL | ||
| 005 | 20181213155244.0 | ||
| 008 | 170510b tu 000 0 | ||
| 020 | _a9789944337250 | ||
| 040 |
_aMilas _btur _cTR-AnCHP |
||
| 041 | _atur | ||
| 082 |
_a320.9561 _bP69t 2010 |
||
| 090 | _a320.9561 P69t 2010 | ||
| 100 | _aPoyraz, Ergün | ||
| 245 | _aTakunyalı führer | ||
| 250 | _a2. bs. | ||
| 260 |
_aİstanbul _bTogan Yayıncılık _c2010 _fÇalış ofset |
||
| 300 |
_a548 s. _c21 sm. |
||
| 440 |
_aTogan yayınları _n32 |
||
| 650 |
_aBaşbakanlar _xTürkiye |
||
| 650 |
_aErdoğan, R.Tayyip _x1954- |
||
| 650 |
_aSiyaset ve yönetim _xTürkiye |
||
| 942 |
_2ddc _cBKS |
||
| 999 |
_c9358 _d9358 |
||